|
|
|
|
| LEADER |
00000nam a2200000Ii 4500 |
| 001 |
DIGUCAUCA0020 |
| 003 |
NyNyDIG |
| 007 |
cr ||||||||||| |
| 008 |
210819s2019 ck a ob 001 0dspa d |
| 006 |
m o d |
| 035 |
|
|
|a (OCoLC)1120702818
|
| 040 |
|
|
|a DGITA
|b eng
|e rda
|e pn
|c DGITA
|
| 020 |
|
|
|a 9789587323504
|q eBook
|
| 020 |
|
|
|z 9789587323498
|
| 043 |
|
|
|a s-ck---
|
| 050 |
1 |
4 |
|a TA455.P58 ebook
|
| 082 |
1 |
4 |
|a 620.192
|
| 245 |
0 |
0 |
|a Polímeros :
|b generalidades y tendencias de investigación en Colombia /
|c Tania Milena Gutiérrez Valencia, Diana María Chito Trujillo, Germán Cuervo Ochoa (compiladores).
|
| 250 |
|
|
|a Primera edición en español.
|
| 264 |
|
1 |
|a Popayán, Colombia :
|b Editorial Universidad del Cauca,
|c [2019]
|
| 300 |
|
|
|a 1 online resource :
|b illustrations.
|
| 336 |
|
|
|a text
|b txt
|2 rdacontent
|
| 337 |
|
|
|a computer
|b c
|2 rdamedia
|
| 338 |
|
|
|a online resource
|b cr
|2 rdacarrier
|
| 347 |
|
|
|a text file
|2 rdaft
|
| 347 |
|
|
|b PDF
|
| 500 |
|
|
|a "Convocatoria 2017, modalidad investigación" -- Cover.
|
| 504 |
|
|
|a Includes bibliographical references and index.
|
| 588 |
0 |
|
|a Online resource; title from PDF title page (Digitalia, viewed August 19, 2021)
|
| 650 |
|
0 |
|a Polymers.
|
| 650 |
|
0 |
|a Polymers
|x Research
|z Colombia.
|
| 655 |
|
0 |
|a Electronic books.
|
| 700 |
1 |
|
|a Gutiérrez Valencia, Tania Milena,
|e editor.
|
| 700 |
1 |
|
|a Chito Trujillo, Diana María,
|e editor.
|
| 700 |
1 |
|
|a Cuervo Ochoa, Germán,
|e editor.
|
| 791 |
2 |
|
|a Digitalia (Firm),
|e distributor.
|
| 793 |
0 |
|
|g Digitalia eBook Collection:
|a Editorial Universidad del Cauca
|
| 776 |
0 |
8 |
|i Print version:
|t Polímeros.
|b Primera edición en español.
|d Popayán, Colombia : Editorial Universidad del Cauca, [2019]
|z 9789587323498
|
| 856 |
4 |
0 |
|3 Digitalia Hispánica
|u https://www.digitaliapublishing.com/a/60595/
|
| 910 |
|
|
|a Premium collection: 2021
|